[Event "LTU-chT"]
[Site "Vilnius"]
[Date "2013.02.10"]
[Round "5.3"]
[White "Jukna, Gaivaldas"]
[Black "Kuvsinov, Anatolij"]
[Result "0-1"]
[WhiteElo "1938"]
[BlackElo "1948"]
[PlyCount "100"]
[EventDate "2013.01.19"]
[EventType "team-swiss"]
[EventRounds "7"]
[EventCountry "LTU"]
[SourceTitle "CBM 152 Extra"]
[Source "ChessBase"]
[SourceDate "2013.02.25"]
[SourceVersion "1"]
[SourceVersionDate "2013.02.25"]
[SourceQuality "1"]
[WhiteTeam "Rokiskis"]
[BlackTeam "Vilnius LASF"]
[WhiteTeamCountry "LTU"]
[BlackTeamCountry "LTU"]

1. d4 d6 2. c4 g6 3. e4 Bg7 4. Nf3 Nf6 5. Nc3 0-0 6. Be2 Nbd7 7. h3 e5 8. Bg5 c6 9. Qd2 a6 10. 0-0 Qc7 11. Rfd1 Re8 12. dxe5 dxe5 13. b4 Nf8 14. c5 Be6 15. Qe3 Nh5 16. Nd2 Nf4 17. Nc4 Nxe2+ 18. Qxe2 Bxc4 19. Qxc4 Ne6 20. Be3 Rad8 21. a4 Rxd1+ 22. Rxd1 Rd8 23. Rxd8+ Qxd8 24. b5 axb5 25. axb5 Nd4 26. bxc6 bxc6 27. Ne2 Qa5 28. Kh2 Qb5 29. Qxb5 cxb5 30. Nc1 Kf8 31. Nd3 Nc6 32. Bd2 Ke8 33. Kg1 Kd7 34. Bc3 f6 35. Kf1 Bf8 36. Ke2 Nd4+ 37. Ke3 Nb3 38. f4 exf4+ 39. Kxf4 Nxc5 40. Nxc5+ Bxc5 41. Bxf6 b4 42. h4 Ke6 43. Bb2 Bd6+ 44. e5 Be7 45. g3 Bf8 46. g4 Bh6+ 47. g5 Bf8 48. Ke4 Bc5 49. Kf3 Kf5 50. Kg3 Be3 0-1

[Event "Birzai-ch"]
[Site "Birzai"]
[Date "2011.11.16"]
[Round "4"]
[White "Variakojis, Laimutis"]
[Black "Jukna, Gaivaldas"]
[Result "1-0"]
[WhiteElo "2173"]
[BlackElo "1938"]
[PlyCount "93"]
[EventDate "2011.11.07"]
[EventType "swiss"]
[EventRounds "9"]
[EventCountry "LTU"]
[SourceTitle "EXT 2013"]
[Source "ChessBase"]
[SourceDate "2012.11.22"]
[SourceVersion "1"]
[SourceVersionDate "2012.11.22"]
[SourceQuality "1"]

1. e4 c5 2. Nf3 Nc6 3. d4 cxd4 4. Nxd4 g6 5. c3 Bg7 6. Be3 Nf6 7. Nd2 d5 8. Bb5 Bd7 9. Bxc6 bxc6 10. e5 Ne4 11. f4 Nxd2 12. Qxd2 0-0 13. 0-0 Qc8 14. Qf2 f6 15. Qh4 g5 16. fxg5 fxe5 17. Nf3 Bf5 18. g6 Bxg6 19. Qxe7 Qe8 20. Qg5 Bd3 21. Rf2 Rf5 22. Qg3 Kh8 23. Rd1 Bb5 24. Rdd2 Qe7 25. Nh4 Rxf2 26. Rxf2 Bf6 27. Nf5 Qe6 28. Bh6 Rg8 29. Qe3 a6 30. h3 Rg6 31. g4 Qg8 32. Ne7 Bxe7 33. Qxe5+ Bf6 34. Rxf6 Rxg4+ 35. hxg4 Qxg4+ 36. Kf2 Qh4+ 37. Kf3 Qh3+ 38. Kf4 Qf1+ 39. Kg3 Qg1+ 40. Kh4 Qh1+ 41. Kg4 Qg2+ 42. Qg3 Be2+ 43. Kh4 Qe4+ 44. Bf4 Qh1+ 45. Qh2 Qe1+ 46. Bg3 Qd2 47. Qf2 1-0

[Event "Birzai-ch"]
[Site "Birzai"]
[Date "2011.11.07"]
[Round "1"]
[White "Jukna, Gaivaldas"]
[Black "Cerencova, Emilija"]
[Result "1-0"]
[WhiteElo "1938"]
[BlackElo "1889"]
[PlyCount "63"]
[EventDate "2011.11.07"]
[EventType "swiss"]
[EventRounds "9"]
[EventCountry "LTU"]
[SourceTitle "EXT 2013"]
[Source "ChessBase"]
[SourceDate "2012.11.22"]
[SourceVersion "1"]
[SourceVersionDate "2012.11.22"]
[SourceQuality "1"]

1. d4 d5 2. c4 c6 3. Nc3 e6 4. e3 Nd7 5. f4 Bb4 6. Bd2 Ngf6 7. Nf3 0-0 8. Bd3 dxc4 9. Bxc4 b5 10. Bd3 a6 11. Ne4 c5 12. Bxb4 cxb4 13. 0-0 Bb7 14. Nd6 Qc7 15. Nxb7 Qxb7 16. Qd2 a5 17. Qe2 Rab8 18. Rac1 Ne4 19. g4 Qd5 20. Rc7 Ndf6 21. Ne5 g6 22. g5 Nh5 23. Rd7 Qa8 24. Rc1 f6 25. Nc6 f5 26. Bxe4 fxe4 27. Nxb8 Qxb8 28. Rcc7 Qe8 29. Re7 Qd8 30. Qxb5 Nxf4 31. Rg7+ Kh8 32. Rxh7+ 1-0